Index of distribution (Record no. 73666)

MARC details
000 -LEADER
fixed length control field 00978cam a2200217 4500
001 - CONTROL NUMBER
control field WB3941-07
008 - FIXED-LENGTH DATA ELEMENTS--GENERAL INFORMATION
fixed length control field 031028n2003 000 0 eng u
035 ## - SYSTEM CONTROL NUMBER
System control number (Sirsi) u124103
245 ## - TITLE STATEMENT
Title Index of distribution
260 ## - PUBLICATION, DISTRIBUTION, ETC.
Date of publication, distribution, etc. 2003
490 ## - SERIES STATEMENT
Series statement Office for National Statistics News Release
Volume/sequential designation 27 October 2003 (7)
520 ## - SUMMARY, ETC.
Summary, etc. The latest Office for National Statistics (ONS) "Index of distribution" reveals that in the three months to August, the seasonally adjusted chained volume index for the distribution industries grew by 0.9% compared with the previous three months. The biggest contribution to growth was from retailing. http://www.gnn.gov.uk/gnn/national.nsf/(Redirect)?OpenAgent&D=gnn/national.nsf&V=Daily+News&I=4EAF2B99FE71A06B80256DCC003DCC91&A=dist.pdf.
590 ## - LOCAL NOTE (RLIN)
Local note WB
650 ## - SUBJECT ADDED ENTRY--TOPICAL TERM
Topical term or geographic name entry element DISTRIBUTION INDUSTRY
650 ## - SUBJECT ADDED ENTRY--TOPICAL TERM
Topical term or geographic name entry element OFFICE OF NATIONAL STATISTICS
650 ## - SUBJECT ADDED ENTRY--TOPICAL TERM
Topical term or geographic name entry element GROWTH
650 ## - SUBJECT ADDED ENTRY--TOPICAL TERM
Topical term or geographic name entry element RETAILING
650 ## - SUBJECT ADDED ENTRY--TOPICAL TERM
Topical term or geographic name entry element INDEXES
690 ## - LOCAL SUBJECT ADDED ENTRY--TOPICAL TERM (OCLC, RLIN)
Topical term or geographic name as entry element ECONOMY
942 ## - ADDED ENTRY ELEMENTS (KOHA)
Suppress in OPAC 0
Holdings
Withdrawn status Lost status Source of classification or shelving scheme Damaged status Not for loan Home library Current library Shelving location Date acquired Total Checkouts Full call number Barcode Date last seen Copy number Price effective from Koha item type
    Dewey Decimal Classification     London London News article 28/10/2003   WB3941-07 124103-1001 06/08/2019 1 06/08/2019 News article